Mikor születik meg a jog?
Elmentve itt :
| Szerző: | |
|---|---|
| Dokumentumtípus: | Cikk |
| Megjelent: |
1930
|
| Sorozat: | Polgári jog : a hazai és külföldi magánjog és hiteljog szemléje
6 |
| Kulcsszavak: | Kötelmi jog |
| Online Access: | http://misc.bibl.u-szeged.hu/5544 |
| LEADER | 00586nab a2200169 i 4500 | ||
|---|---|---|---|
| 001 | misc5544 | ||
| 005 | 20191106142626.0 | ||
| 008 | 170607s1930 hu o 0|| hun d | ||
| 040 | |a SZTE Miscellanea Repozitórium |b hun | ||
| 041 | |a hun | ||
| 100 | 1 | |a Beck Salamon | |
| 245 | 1 | 0 | |a Mikor születik meg a jog? |h [elektronikus dokumentum] / |c Beck Salamon |
| 260 | |c 1930 | ||
| 300 | |a 221-224a | ||
| 490 | 0 | |a Polgári jog : a hazai és külföldi magánjog és hiteljog szemléje |v 6 | |
| 695 | |a Kötelmi jog | ||
| 856 | 4 | 0 | |u http://misc.bibl.u-szeged.hu/5544/1/polgari_jog_1930_221-224a.pdf |z Dokumentum-elérés |